| 000 | 00614cam a2200193 4500 | ||
|---|---|---|---|
| 001 | D4914 | ||
| 008 | 090401t1951 xxu||||| |||| 00| 0 eng d | ||
| 035 | _a(Sirsi) u24627 | ||
| 041 | _aeng | ||
| 050 | _a711 | ||
| 110 |
_aMinistry of Town and Country Planning _91342 |
||
| 245 | _aTown and country planning, 1943-1951: Progress report by the Minister of Local Government and Planning on the work of the Ministry of Town and Country Planning presented...April 1945 | ||
| 260 |
_aLondon _bHMSO _c1951 |
||
| 300 | _avii. 215p. 24cm | ||
| 350 | _a0.25 | ||
| 490 |
_aCm _v8204 |
||
| 942 | _n0 | ||
| 948 | _c04/03/1997 | ||
| 999 |
_c88579 _d88579 |
||